000 00583nam a2200193Ia 4500
005 20250508165938.0
008 008 250505s9999 xx 000 0 eng d
037 _aDissertations
040 _aFEDL
_beng
_cFEDL
041 _aeng
_2eng
084 _a954.04, RAS/DI
_qFEDL
100 _aRashmeet Kaur
_9782489
245 0 _aMemories of the common past: Perception of children about partition and Pakistan
260 _c2018
300 _a101p.
546 _aM.Ed. Dissertation, (Delhi University)
942 _cDIS
_h954.04, RAS/DI
999 _c1398339
_d1398339